Robert Ludlum Novels Quiz Stats

 Plays Quiz Updated Apr 3, 2020

     
Support Sporcle.
Go Orange.
Score 0/23 Timer 08:00
0 Plays Today
Year Novel % Correct
1980The Bourne Identity
95.1%
1986The Bourne Supremacy
86.7%
1990The Bourne Ultimatum
85.5%
1972The Osterman Weekend
23.3%
1979The Matarese Circle
21%
1971The Scarlatti Inheritance
19.1%
1975The Road to Gandolfo
17%
1978The Holcroft Covenant
16%
1992The Road to Omaha
15.6%
1988The Icarus Agenda
15.5%
1982The Parsifal Mosaic
15.3%
1977The Chancellor Manuscript
14.2%
Year Novel % Correct
1973The Matlock Paper
14%
1976The Gemini Contenders
13.9%
1973Trevayne
13.3%
1984The Aquitaine Progression
12.9%
1997The Matarese Countdown
12.7%
2001The Sigma Protocol
12.5%
1974The Rhinemann Exchange
12.2%
1993The Scorpio Illusion
11.3%
2000The Prometheus Deception
11.3%
1995The Apocalypse Watch
10.5%
1974The Cry of the Halidon
9.8%

From the Vault

50 Commonest Spanish Words

by tyder21

Language 12m
Don't look at us, we learned all our Spanish from Taco Bell commercials in the '90s.
Remove Ads.
Support Sporcle.
Get the best of Sporcle when you Go Orange. This ad-free experience offers more features, more stats, and more fun while also helping to support Sporcle. Thank you for becoming a member.

Show Comments

Extras

Top Quizzes Today


Score Distribution

Your Account Isn't Verified!

In order to create a playlist on Sporcle, you need to verify the email address you used during registration. Go to your Sporcle Settings to finish the process.

Report this User

Report this user for behavior that violates our Community Guidelines.

Details: